000
00248nam a2200097Ia 4500
001
697268
005
20250826162028.0
008
250824s9999 xx 000 0 und d
245
0
_a
İçimizdeki Çocuk
_c
DOĞAN CÜCELOĞLU
260
_b
REMZİ KİTABEVİ
999
_c
697268
_d
697268